Asomiya sahitya (Record no. 6979)

MARC details
000 -LEADER
fixed length control field 00530cam a2200205ua 4500
001 - CONTROL NUMBER
control field 7864
005 - DATE AND TIME OF LATEST TRANSACTION
control field 20260515114249.0
008 - FIXED-LENGTH DATA ELEMENTS--GENERAL INFORMATION
fixed length control field 141229n ii |||gr||||Z||||||ben
040 ## - CATALOGING SOURCE
Transcribing agency MAIN
041 ## - LANGUAGE CODE
Language code of text/sound track or separate title ben
082 ## - DEWEY DECIMAL CLASSIFICATION NUMBER
Classification number 891.451
100 ## - MAIN ENTRY--PERSONAL NAME
Personal name Bandyopadhyaya, S. M.,
Relator term Author.
245 1# - TITLE STATEMENT
Title Asomiya sahitya
Statement of responsibility, etc. By Sudhangu Mohan Bandyopadhyaya
250 ## - EDITION STATEMENT
Edition statement 1st.
260 ## - PUBLICATION, DISTRIBUTION, ETC.
Place of publication, distribution, etc. Kolkatta:
Name of publisher, distributor, etc. Biswabharati,
Date of publication, distribution, etc. 1959.
300 ## - PHYSICAL DESCRIPTION
Extent 62p.
653 ## - INDEX TERM--UNCONTROLLED
Uncontrolled term East Indo-European & Celtic literatures
653 ## - INDEX TERM--UNCONTROLLED
Uncontrolled term Assamese literature
942 ## - ADDED ENTRY ELEMENTS (KOHA)
Koha item type Books
Holdings
Withdrawn status Lost status Damaged status Not for loan Home library Current library Date acquired Total checkouts Full call number Barcode Date last seen Copy number Price effective from Koha item type
        Naharkatiya College Library Naharkatiya College Library 09/19/2020   891.451 | BAN 12309 09/19/2020 1 09/19/2020 Books